Countries without embassy in Brussels - Statistics

General Stats
  • This quiz has been taken 445 times
  • The average score is 4 of 9
Answer Stats
Country % Correct
North Korea
93%
Nauru
72%
Kiribati
65%
Tonga
65%
Marshall Islands
63%
Cyprus
12%
Benin
10%
Sweden
3%
Slovakia
2%
No matching quizzes found
Score Distribution
Percent of People with Each Score
Percentile by Number Answered
Your Score History
You have not taken this quiz